Relations internationales (notice n° 1567986)

détails MARC
000 -LEADER
fixed length control field 01641cam a2200157 4500500
005 - DATE AND TIME OF LATEST TRANSACTION
control field 20251214003805.0
041 ## - LANGUAGE CODE
Language code of text/sound track or separate title fre
042 ## - AUTHENTICATION CODE
Authentication code dc
100 10 - MAIN ENTRY--PERSONAL NAME
Personal name Alles, Delphine
Relator term author
245 00 - TITLE STATEMENT
Title Relations internationales
260 ## - PUBLICATION, DISTRIBUTION, ETC.
Name of publisher, distributor, etc. Armand Colin,<br/>
Date of publication, distribution, etc. 2023.<br/>
520 ## - SUMMARY, ETC.
Summary, etc. Traditionnellement centrées sur l’étude des rapports entre États, les Relations internationales ne cessent de se transformer pour faire face aux évolutions contemporaines : migrations internationales, mutations de la guerre, changement climatique, crises financières… À travers des entrées thématiques, ce manuel aborde la diversité des acteurs et objets propres à la discipline avec une exigence de pédagogie et d’accessibilité.• Le cours présente les concepts fondamentaux de la discipline, événements marquants, dates à retenir, controverses théoriques… Il est illustré de cartes et photographies de presse.• Les entraînements permettent de renforcer l’acquisition des connaissances et de se familiariser avec des exercices types de l’enseignement en Relations internationales, tels que les sujets de réflexion ou les études de document.• La partie méthode propose des techniques et exemples d’application pour se préparer aux épreuves : création de cartes analytiques, réponse à une question de réflexion et analyse d’images.Tous les corrigés disponibles dans la rubrique « ressources numériques ».
700 10 - ADDED ENTRY--PERSONAL NAME
Personal name Ramel, Frédéric
Relator term author
700 10 - ADDED ENTRY--PERSONAL NAME
Personal name Grosser, Pierre
Relator term author
856 41 - ELECTRONIC LOCATION AND ACCESS
Uniform Resource Identifier <a href="https://shs.cairn.info/relations-internationales-2e-ed--9782200634698?lang=fr&redirect-ssocas=7080">https://shs.cairn.info/relations-internationales-2e-ed--9782200634698?lang=fr&redirect-ssocas=7080</a>

Pas d'exemplaire disponible.

PLUDOC

PLUDOC est la plateforme unique et centralisée de gestion des bibliothèques physiques et numériques de Guinée administré par le CEDUST. Elle est la plus grande base de données de ressources documentaires pour les Étudiants, Enseignants chercheurs et Chercheurs de Guinée.

Adresse

627 919 101/664 919 101

25 boulevard du commerce
Kaloum, Conakry, Guinée

Réseaux sociaux

Powered by Netsen Group @ 2025